Revista de educación militar y cultura (Registro nro. 31005)
[ vista simple ]
| 000 -CABECERA | |
|---|---|
| Longitud fija campo de control | 01095nai a22002057a 4500 |
| 003 - IDENTIFICADOR DELl NÚMERO DE CONTROL | |
| Identificador del número de control | OSt |
| 005 - FECHA Y HORA DE LA ÚLTIMA TRANSACCIÓN | |
| Fecha y hora de la última transacción | 20191015172529.0 |
| 008 - CÓDIGOS DE INFORMACIÓN DE LONGITUD FIJA | |
| Códigos de información de longitud fija | 160902b xxu||||| |||| 00| 0 eng d |
| 022 ## - NÚMERO INTERNACIONAL NORMALIZADO PARA PUBLICACIONES SERIADAS | |
| Número Internacional Normalizado para Publicaciones Seriadas | 2521-2508 (impreso); 2521-2516 (online) |
| 040 ## - FUENTE DE LA CATALOGACIÓN | |
| Centro catalogador de origen | BMC |
| Centro transcriptor | BMC |
| 082 ## - NÚMERO DE LA CLASIFICACIÓN DECIMAL DEWEY | |
| Númeroo de clasificación | 343.07197284 |
| 245 00 - MENCIÓN DE TÍTULO | |
| Título | Revista de educación militar y cultura |
| Mención de responsabilidad, etc. | [Juan de Jesús Guzmán Morales ...et al], Director general |
| Nombre de parte o sección de la obra | julio |
| 260 ## - PUBLICACIÓN, DISTRIBUCIÓN, ETC. (PIE DE IMPRENTA) | |
| Lugar de publicación, distribución, etc. | San Salvador (El Salvador) |
| Nombre del editor, distribuidor, etc. | Comando de Doctrina y Educación Militar |
| Fecha de publicación, distribución, etc. | 2019 |
| 300 ## - DESCRIPCIÓN FÍSICA | |
| Extensión | 54 p. |
| Otras características físicas | il. |
| Dimensiones | 28 cm |
| 490 ## - MENCIÓN DE SERIE | |
| Mención de serie | Educación militar y cultura |
| Designación de volumen o secuencia | 12 |
| 505 ## - NOTA DE CONTENIDO CON FORMATO | |
| Nota de contenido con formato | Contiene: Pensamiento crítico en la educación universitaria.- Incorporación de la informática al proceso de enseñanza-aprendizaje.- Cooperación del ejército Brasileño en la educación y adiestramiento en la Fuerza Armanda de El Salvador.- Educación en ciencias sociales y formación ciudadana.- La guerra de las 100 horas 1969.- |
| 650 24 - PUNTO DE ACCESO ADICIONAL DE MATERIA - TÉRMINO DE MATERIA | |
| 9 (RLIN) | 21651 |
| Término de materia o nombre geográfico como elemento inicial | Fuerzas armadas |
| Subdivisión geográfica | El Salvador |
| Subdivisión de materia general | Historia |
| 700 1# - PUNTO DE ACCESO ADICIONAL - NOMBRE DE PERSONA | |
| 9 (RLIN) | 44167 |
| Nombre de persona | Guzmán Morales, Juan de Jesús |
| Títulos y otros términos asociados al nombre | General de Brigada |
| 942 ## - ENTRADA DE ELEMENTOS AGREGADOS (KOHA) | |
| Fuente de clasificaión o esquema | Dewey Decimal Classification |
| Koha [por defecto] tipo de item | 2- Prensa y Revistas |
| Parte de clasificación | prozim |
| Suprimido | Perdido | Fuente de clasificación o esquema | Estropeado | Restricciones de uso | No para préstamo | Código de colección | Localización permanente | Localización actual | Localización en estanter&íacute;as | Fecha adquisición | Fuente de adquisición | Número de inventario | Préstamos totales | Signatura completa | Código de barras | Fecha última consulta | Fecha del precio de reemplazo | Tipo de item de Koha |
|---|---|---|---|---|---|---|---|---|---|---|---|---|---|---|---|---|---|---|
| NULL | NULL | Dewey Decimal Classification | NULL | Prestable | NULL | NULL | Biblioteca Miguel de Cervantes - UNICAES | Biblioteca Miguel de Cervantes - UNICAES | Sala Principal | 12/09/2019 | Donación - Fuerza Armada de El Salvador | 000998 | RVAR - 000998 | 1046561 | 22/10/2019 | 22/10/2019 | 2- Prensa y Revistas |